Central Library and Information Centre
Sibsagar Girls' College, Sivasagar : Assam

SAHITYA SAMASHYA (Record no. 32192)

MARC details
000 -LEADER
fixed length control field 00353nam a22001457a 4500
005 - DATE AND TIME OF LATEST TRANSACTION
control field 20251119102946.0
008 - FIXED-LENGTH DATA ELEMENTS--GENERAL INFORMATION
fixed length control field 251119b |||||||| |||| 00| 0 eng d
040 ## - CATALOGING SOURCE
Original cataloging agency
Transcribing agency
100 ## - MAIN ENTRY--PERSONAL NAME
Personal name CHOUDHARY NARAYAN
9 (RLIN) 1103
245 ## - TITLE STATEMENT
Title SAHITYA SAMASHYA
250 ## - EDITION STATEMENT
Edition statement 1ST
260 ## - PUBLICATION, DISTRIBUTION, ETC.
Place of publication, distribution, etc. KOLKATA
Name of publisher, distributor, etc. AKHILCHANDA NANDI
Date of publication, distribution, etc. 1951
300 ## - PHYSICAL DESCRIPTION
Extent 146:P
942 ## - ADDED ENTRY ELEMENTS (KOHA)
Source of classification or shelving scheme Dewey Decimal Classification
Koha item type Books
Holdings
Withdrawn status Lost status Source of classification or shelving scheme Damaged status Not for loan Collection code Home library Current library Shelving location Date acquired Total Checkouts Barcode Date last seen Price effective from Koha item type Public note
    Dewey Decimal Classification     TBASM Central Library and Information Centre Sibsagar Girls College Central Library and Information Centre Sibsagar Girls College BBLMC 18.02.2022   47311 19.11.2025 19.11.2025 Books V


Sibsagar Girl's College © 2020. All rights reserved.
Powered by Koha.
Maintained by Abhijit Borpuzari.